000 00653nam a22002177a 4500
999 _c16678
_d16678
003 AR-CdUCM
008 190504b ||||| |||| 00| 0 spa d
040 _aMUNICIPALIDAD PROVINCIAL DEL CUSCO
_cBIBLIOTECA MUNICIPAL DEL CUSCO
082 _23ed.
_a108 /
_bAC21
100 _aScoto, Duns
_936257
245 _aTratado del primer principio /
260 _aBuenos Aires :
_bAguilar,
_c1964.
300 _a115 paginas ;
_c16 cm.
500 _aFilosofia y religion
650 _aFilosofia
_9395
650 _aReligión
_91195
650 _aHistoria
_9136
700 _aCastaño Piñan, Alfonso
_936258
942 _2ddc
_cLIBROS
945 _apjha
_d2019-05-04